कैसे जियें जिंदगी? (Record no. 3042)

MARC details
000 -LEADER
fixed length control field 00813 a2200193 4500
005 - DATE AND TIME OF LATEST TRANSACTION
control field 20181128142038.0
010 ## - LCCN (DPL NO)
LC control number B-235840
020 ## - INTERNATIONAL STANDARD BOOK NUMBER
Terms of availability 70.00
International Standard Book Number 8170168120
035 ## - SYSTEM CONTROL NUMBER
System control number B-235840
037 ## - SOURCE OF ACQUISITION
Source of stock number/acquisition BPPD/PUB
082 ## - DEWEY DECIMAL CLASSIFICATION NUMBER
Classification number 303.32
100 ## - MAIN ENTRY--PERSONAL NAME
Personal name ईश्वर सिंह "शिक्षक"
245 ## - TITLE STATEMENT
Title कैसे जियें जिंदगी?
Statement of responsibility, etc ईश्वर सिंह "शिक्षक"
246 ## - VARYING FORM OF TITLE
Title proper/short title Kaise jiyen jindagi
Remainder of title by Ishwar Singh"Shikshak"
260 ## - PUBLICATION, DISTRIBUTION, ETC. (IMPRINT)
Place of publication, distribution, etc नई दिल्ली
Name of publisher, distributor, etc किताब घर
Date of publication, distribution, etc 2006
270 ## - ADDRESS
Address 24/4855, अंसारी रोड, दरियागंज
City नई दिल्ली
Postal code 110002
300 ## - PHYSICAL DESCRIPTION
Extent 79पृ
Dimensions 22 सेमी (सजिल्द)
942 ## - ADDED ENTRY ELEMENTS (KOHA)
Institution code [OBSOLETE] dpl
Item type Hindi Books
Call number prefix 303.32 / ईश्वर
Source of classification or shelving scheme Dewey Decimal Classification
Classification part 303.32
Call number suffix ईश्वर
Holdings
Withdrawn status Lost status Not for loan Home library Current library Date acquired Cost, normal purchase price Full call number Barcode Copy number Cost, replacement price Koha item type Collection code Source of acquisition
      D.B.Act.Division D.B.Act.Division 11/09/2008 70.00 303.32 ईश्वर HN-51940 1 70.00 Hindi Books    
      Sarojini Nagar Sarojini Nagar 21/03/2012 70.00 303.32 ईश्वर B-235838   70.00 Hindi Books Non-fiction  
      Shahdara Branch Shahdara Branch 28/11/2018 70.00 303.32 ईश्वर B-235840   70.00 Hindi Books   BPPD/PUB

© Delhi Public Library
Hit Counter
free hit counter